Systém sociálnej ochrany /

Hlavní autor: Dudová, Iveta, 1962-
Korporativní autor: Ekonomická univerzita v Bratislave. Národohospodárska fakulta
Jazyk: Slovenština
Vydáno: Bratislava : Ekonóm, 2002
Vydání: 1. vyd.
Témata:
Fyzický popis: 194 s. + 29 cm
Knihy
Uloženo v:
LEADER 01323nam a2200337 a 4500
001 000666069
003 CZ BrMZK
005 20090529131430.0
007 ta
008 030411s2002 xo e p 000 0 slo d
020 |a 80-225-1598-1  |q (brož.) 
040 |a BOA001  |b cze 
072 7 |a 364  |x Sociální problémy vyžadující podporu a pomoc. Sociální zabezpečení  |2 Konspekt  |9 18 
072 7 |a 37.016  |x Učební osnovy. Vyučovací předměty. Učebnice  |2 Konspekt  |9 22 
080 |a 364  |2 MRF 
080 |a (075.8)  |2 MRF 
100 1 |a Dudová, Iveta,  |d 1962-  |7 mzk2003175333  |4 aut 
245 1 0 |a Systém sociálnej ochrany /  |c Iveta Dudová 
250 |a 1. vyd. 
260 |a Bratislava :  |b Ekonóm,  |c 2002 
300 |a 194 s. +  |e 29 cm 
500 |a Nad názvem: Národohospodárska fakulta Ekonomickej univerzity v Bratislave 
500 |a 150 výt. 
504 |a Obsahuje bibliografii 
541 |a Bratislava, Centrum vedecko-technických informácií SR 
650 0 7 |a sociální zabezpečení  |7 ph116215  |2 czenas 
655 7 |a učebnice vysokých škol  |7 fd133772  |2 czenas 
710 2 |a Ekonomická univerzita v Bratislave.  |b Národohospodárska fakulta  |7 mzk2002157192 
910 |a BOA001  |b 3-1117.190 
990 |a BK 
996 7 |b 2610186497  |c 3-1117.190  |l MZK  |r Sklad / do 1 hodiny  |n 7  |p vým  |w 000666069  |u 000010  |a 1  |e BOA001  |j MZK50  |s A